000
00220nam a22000857a 4500
008
160711b xxu||||| |||| 00| 0 eng d
100
_9
2573
_a
Singh, L., et al
245
_a
Chemistry - IX
260
_a
New Delhi
_b
S.Chand
_c
1993
999
_c
2239
_d
2239